000 00411nam a2200157Ia 4500
008 131103s9999 xx 000 0 und d
040 _aLoreto College
041 _aEnglish
082 _a371/UND
_bLCBED/370
245 _aUnderstanding the handicapped child
260 _aBombay
_bPopular Prakashan
_c1970
300 _a73p.
_c 18cm.
650 _aSpecial education
850 _aLCBED/371/UND
942 _cBK
999 _c26114
_d76593